Surya: Solar Explorations Since Galileo/ (Record no. 178414)

MARC details
000 -LEADER
fixed length control field 00672nam a22001817a 4500
005 - DATE AND TIME OF LATEST TRANSACTION
control field 20210330132907.0
010 ## - LCCN (DPL NO)
LC control number ENG-129327
020 ## - INTERNATIONAL STANDARD BOOK NUMBER
Terms of availability 110.00
International Standard Book Number 978-81-230-1679-5
035 ## - SYSTEM CONTROL NUMBER
System control number EN-112859
037 ## - SOURCE OF ACQUISITION
Source of stock number/acquisition DBAD/PUB
082 ## - DEWEY DECIMAL CLASSIFICATION NUMBER
Classification number 523.7
100 ## - MAIN ENTRY--PERSONAL NAME
Personal name Rajan, Mohan Sundara
245 ## - TITLE STATEMENT
Title Surya: Solar Explorations Since Galileo/
Remainder of title Mohan Sundara Rajan
260 ## - PUBLICATION, DISTRIBUTION, ETC. (IMPRINT)
Place of publication, distribution, etc New Delhi
Name of publisher, distributor, etc Publication Division, Min of Information and Broadcasting, Govt of India
Date of publication, distribution, etc 2012
270 ## - ADDRESS
City New Delhi
Address Soochna Bhavan, CGO Complex, Lodhi Road
Postal code 110003
300 ## - PHYSICAL DESCRIPTION
Extent 122p.
Dimensions 24cm(pbk)
Other physical details Including illustrations, and bibliographical references.
942 ## - ADDED ENTRY ELEMENTS (KOHA)
Source of classification or shelving scheme Dewey Decimal Classification
Item type English Books
Classification part 523.7
Call number suffix RAJ
Holdings
Withdrawn status Lost status Not for loan Collection code Home library Current library Date acquired Source of acquisition Cost, normal purchase price Full call number Barcode Copy number Cost, replacement price Koha item type
      Non-fiction Bawana Bawana 30/03/2021 DBAD/PUB 110.00 523.7 RAJ EN-112859 1 110.00 English Books

© Delhi Public Library
Hit Counter
free hit counter